000 01026nmc a2200373 a 4500
003 AR-BaBNM
005 20251128204511.0
008 225019s1993 ||||||||||||||000 | spa||
020 _a84-206-8037-0
040 _cAR-BaBNM
100 1 _aHarris, Marvin
245 1 0 _aIntroducción a la antropología general
250 _a5ª ed.
260 _aMadrid
_bAlianza Editorial
_c1993
300 0 _a691 p.
_bil.
490 0 _aAlianza Universidad Textos
_vv. 37
650 4 _aANTROPOLOGIA
650 4 _aPRIMATES
650 4 _aPALEONTOLOGIA
650 4 _aPREHISTORIA
650 4 _aPROBLEMAS SOCIALES
650 4 _aDEMOGRAFIA
650 4 _aGENEALOGIA
650 4 _aRAZA
650 4 _aESTRUCTURA SOCIAL
651 4 _aEstados Unidos
700 1 _aSánchez Fernández, Juan Oliver
_etraductor
700 1 _aBordoy, Vicente
_etraductor
700 1 _aBordoy, Oscar
_etraductor
700 1 _aDíaz de Rada, Angel
_etraductor
700 1 _aCruces Villalobos, Francisco
_etraductor
942 _cBK
998 _cCarmen
999 _c7664
_d7664